Los retos teóricos de los estudios del trabajo hacia el siglo XXI /

Gorde:
Xehetasun bibliografikoak
Egile nagusia: Garza Toledo, Enrique de la
Formatua: Ezezaguna
Argitaratua: Buenos Aires: CLACSO. ASDI
Gaiak:
Etiketak: Etiketa erantsi
Etiketarik gabe, Izan zaitez lehena erregistro honi etiketa jartzen!

MARC

LEADER 00000 a2200000 04500
001 11421
003
008 991231s d
040
090 |a 139408  
100 |a Garza Toledo, Enrique de la  
245 |a Los retos teóricos de los estudios del trabajo hacia el siglo XXI /  |c Enrique de la Garza Toledo 
260 |a Buenos Aires:   |b CLACSO. ASDI  
300 |a 254 p.  
650 |a SOCIOLOGIA  
650 |a ECONOMIA  
650 |a TRABAJO  
650 |a RELACIONES LABORALES  
650 |a PRODUCCION  
650 |a TECNOLOGIA  
650 |a EMPRESAS  
650 |a SOCIEDAD  
650 |a TEORIA ECONOMICA  
999 |c 13671  |d 13671